| 000 | 00738cam a2200217 4500 | ||
|---|---|---|---|
| 001 | 7290 | ||
| 005 | 20181127183326.0 | ||
| 008 | 970327s1997 enka 000 0 eng | ||
| 010 | _a 97133308 | ||
| 020 | _a0340676353 (pbk.) | ||
| 082 | 0 | 0 |
_a302.2/03 _221 |
| 100 | 1 |
_aWatson, James, _d1936- |
|
| 245 | 1 | 2 |
_aA dictionary of communication and media studies / _cJames Watson, Anne Hill. |
| 250 | _a4th ed. | ||
| 260 |
_aLondon ; _aNew York : _bArnold ; _aNew York, NY : _bDistributed exclusively in the USA by St. Martin's Press, _c1997. |
||
| 300 |
_axii, 251 p. : _bill. ; _c24 cm. |
||
| 650 | 0 |
_aCommunication _xDictionaries. |
|
| 650 | 0 |
_aMass media _xDictionaries. |
|
| 700 | 1 |
_aHill, Anne, _d1952- |
|
| 999 |
_c6213 _d6213 |
||